Handbook of Business and Financial Ratios (Record no. 856)
[ view plain ]
| 000 -LEADER | |
|---|---|
| fixed length control field | 01230cam a22002054a 4500 |
| 005 - ΗΜΕΡΟΜΗΝΙΑ ΚΑΙ ΩΡΑ ΤΕΛΕΥΤΑΙΑΣ ΕΝΗΜΕΡΩΣΗΣ | |
| Πεδίο ελέγχου | 20250605163947.0 |
| 008 - FIXED-LENGTH DATA ELEMENTS--GENERAL INFORMATION | |
| Πεδίο ελέγχου σταθερού μήκους | 250528s ||||||||||||||||||||||||d |
| 035 ## - SYSTEM CONTROL NUMBER | |
| System control number | 15263 |
| 020 ## - ISBN | |
| ISBN | 859417956 |
| 040 ## - ΠΗΓΗ ΚΑΤΑΛΟΓΟΓΡΑΦΗΣΗΣ | |
| Φορέας πρωτότυπης καταλογογράφησης | MC Athens Campus Library |
| Γλώσσα καταλογογράφησης | Ελληνικά, Μοντέρνα (1453-) |
| Modifying agency | MC Athens Campus Library |
| Κανόνες περιγραφικής καταλογογράφησης | AACR2 |
| 245 1# - ΤΙΤΛΟΣ ΚΑΙ ΔΗΛΩΣΗ ΥΠΕΥΘΥΝΟΤΗΤΑΣ | |
| Τίτλος | Handbook of Business and Financial Ratios |
| 260 ## - PUBLICATION, DISTRIBUTION, ETC. | |
| Date of publication, distribution, etc. | 1992 |
| 300 ## - PHYSICAL DESCRIPTION | |
| Extent | 254 |
| 520 ## - SUMMARY, ETC. | |
| Summary, etc. | This book is a step by step guide to understanding and using ratios in financial analysis. Models, Adapter's Preface, Tools for Financial Analysis and Planning Operations, How to Measure Operational Effectiveness and Control in Resource Utilization, How to Use Direct Cost and D&A Expenditure Ratios to Avoid Diluting Profits, How to Monitor Those Elusive Overhead Costs, How to Assess and Plan Profit Objectives by Means of Profitability Ratio Guidelines, How to Use Ratio Analysis for Industry Comparisons, Evaluating an Organization's Financial Position, Understanding Data Relationships for Effective Flow Planning, Employing Statistical Techniques for Effective Planning and Operations, Employing Ratios to Assess Investments, Index. |
| 700 1# - ΠΡΟΣΘΕΤΗ ΑΝΑΓΡΑΦΗ--ΦΥΣΙΚΟ ΠΡΟΣΩΠΟ | |
| Personal name | Tyran R. Michael |
| 9 (RLIN) | 1157 |
| 700 1# - ΠΡΟΣΘΕΤΗ ΑΝΑΓΡΑΦΗ--ΦΥΣΙΚΟ ΠΡΟΣΩΠΟ | |
| Personal name | Woodhead-Faulkner |
| 9 (RLIN) | 1158 |
| 942 ## - ADDED ENTRY ELEMENTS (KOHA) | |
| Koha item type | Books |
| Τύπος τεκμηρίου | Βιβλιοθήκη | Τρέχουσα τοποθεσία | Barcode | Αριθμός εισαγωγής | Ημερομηνία απόκτησης | Ταξιθετικό σύμβολο | Αριθμός αντιτύπου | Κατάσταση απόσυρσης | Κατάσταση χαμένου | Κατάσταση κατεστραμμένου | Μη δανεισμός | Σύνολο δανεισμών | Ημερομηνία τελευταίας εμφάνισης | Η τιμή ισχύει από |
|---|---|---|---|---|---|---|---|---|---|---|---|---|---|---|
| Books | MC Athens Campus Library | MC Athens Campus Library | 9780000008558 | 1507 | 05/06/2025 | 658.1/51 TYR | 1 | 05/06/2025 | 05/06/2025 |